000 00327nam a2200133Ia 4500
100 _aUNIX System V/386 RELEASE 4
942 _cBK
654 _ascsi driver interface
245 _aProgrammers'''' guide : SCSI Driver
260 _bPrentice Hall of India
_aNew Delhi
_c1992
300 _a752
546 _aENGLISH
999 _c34443
_d34443